| 000 | 00913cam a22002411a 4500 | ||
|---|---|---|---|
| 001 | ne 68001377 | ||
| 003 | DLC | ||
| 005 | 20260227111840.0 | ||
| 008 | 870518s1899 tu d 000 0 arar | ||
| 010 | _ane 68001377 | ||
| 035 | _a(OCoLC)15703797 | ||
| 040 |
_aDLC _cInU _dDLC |
||
| 042 | _apremarc | ||
| 050 | 0 | 0 |
_aPJ6620 _b.T29 |
| 100 | 1 |
_aTahānawī, Muḥammad Aʻlá ibn ʻAlī, _dactive 1745. |
|
| 245 | 1 | 0 |
_aKashshāf iṣṭilāḥāt al-funūn / _ctaʼlīf Muḥammad ʻAlī ibn ʻAlī al-Tahānawī. |
| 260 |
_aal-Astānah : _bMaṭbaʻat Iqdām bi-Dār al-Khilāfah, _c1317 [1899 or 1900] |
||
| 300 |
_a955 p. ; _c28 cm. |
||
| 500 | _aRomanized record. | ||
| 500 | _aArranged alphabetically, alif--ṣāḍ. | ||
| 500 | _aNo more published in this edition. Cf. Sarkis. Muʻjam al-maṭbūʻāt al-ʻArabīyah wa-al-muʻarrabah (Cairo, 1928) col. 646. | ||
| 650 | 0 |
_aArabic language _vDictionaries. |
|
| 999 |
_c50283 _d50283 |
||